Battlestar Galactica Pilots Quiz Stats

 Plays Quiz Updated Mar 10, 2020

Support Sporcle.
Go Orange.
Score 0/33 Timer 05:00
0 Plays Today
Status Callsign % Correct
DeceasedStarbuck
94.7%
RetiredApollo
90.6%
ActiveHot Dog
79.9%
DeceasedBoomer
74.9%
ActiveHelo
72%
ActiveAthena
66.7%
DeceasedKat
61.4%
DeceasedRacetrack
58.6%
RetiredHusker
43.8%
DeceasedCrashdown
31.7%
DeceasedSkulls
24.9%
DeceasedChuckles
24.7%
RetiredBulldog
20%
DeceasedFlat Top
18.7%
ActiveNarcho
16.9%
DeceasedDuck
16.1%
DeceasedLongshot
15.9%
Status Callsign % Correct
ActiveHardball
14.2%
DeceasedJo-Jo
13.4%
DeceasedBB
13.2%
ActiveRedwing
12.7%
DeceasedFireball
11%
ActiveShowboat
10.6%
DeceasedFlyboy
10.2%
DeceasedShark
9.6%
DeceasedShark
9.6%
DeceasedStepchild
9.1%
DeceasedGonzo
8.1%
ActiveCatman
8%
DeceasedDipper
7.7%
DeceasedKarma
7.4%
DeceasedEasy
7%
DeceasedBuster
6.3%

From the Vault

'I' Symbol Blitz

by DesertSpartan

Keep your eyes on the I's.
Remove Ads.
Support Sporcle.
Get the best of Sporcle when you Go Orange. This ad-free experience offers more features, more stats, and more fun while also helping to support Sporcle. Thank you for becoming a member.

Show Comments

Extras

Top Quizzes Today


Score Distribution

Your Account Isn't Verified!

In order to create a playlist on Sporcle, you need to verify the email address you used during registration. Go to your Sporcle Settings to finish the process.

Report this User

Report this user for behavior that violates our Community Guidelines.

Details: